| 000 | 00429nam a2200181Ia 4500 | ||
|---|---|---|---|
| 001 | 4127 | ||
| 005 | 20260306145733.0 | ||
| 008 | 260306t2014||||xx |||||||||||||| ||spa|| | ||
| 041 | _aESP | ||
| 082 |
_a306.85 _bP26 |
||
| 100 |
_aPardo Sáenz, José María _eAUT |
||
| 245 | 0 | _aSomos felices, naturalmente | |
| 260 | _c2014 | ||
| 300 |
_a341 páginas : _c21 cm. |
||
| 650 | _aGEN | ||
| 654 | _aCED | ||
| 942 |
_cLIB _dJUS _fJUS _2ddc _n |
||
| 999 |
_c4127 _d4127 |
||